000 00738nam a2200193Ii 4500
003 JO-AjNU
008 230606s9999||||xx |||||||||||||| ||und||
040 _aJO-AjNU
_beng
_erda
_cJO-AjNU
041 _aeng
050 1 4 _aHD9000 2018
100 3 _astudy team Badran, Imrahim ...واخرون,
_eauthor
_96079
245 0 0 _aStrategic Review: Achieving Sustainable Development Goal 2 (Zero Hunger) in Jordan by 2030
264 3 1 _aAmman: The Higher Council for Science and technology, 2018 /Amman: The National Center for Research and Development, 2018
300 _a91P
336 _atext
_btxt
_2rdacontent
337 _aunmediated
_bn
_2rdamedia
338 _avolume
_bnc
_2rdacarrier
650 4 _aJordan - Sustainable Development
_96080
999 _aE3153
_c3150
_d3150